000 00518nam a22001815i 4500
999 _c58802
_d58802
001 21786306
005 20221107103409.0
008 201102s2021 nyu 000 0 eng
020 _a9780198869887x
041 _aeng
080 _a612 D-26
100 1 _aDavies, Jamie A.
_914584
245 1 0 _aHuman physiology :
_bA very Short introduction /
_cJamie A. Davies.
264 1 _aOxford,
_c2021.
300 _a143 p.;
_b18 cm.
653 _aადამიანის ფსიქოლოგია
942 _2udc
_cBK